Практическая грамматика русского языка. Правила. Контрольные тесты. Ключи

Dades bibliogràfiques
Autor principal: Л. В. Морозова
Sumari:Книга находится в премиум-версии платформы «Русский как иностранный».
Настоящее пособие содержит языковые таблицы, комплекс тестов и ключи к ним. Таблицы представляют собой свод орфографических и пунктуационных правил и носят справочный характер. Тестовый материал дает возможность ускоренно, в сжатые сроки и интенсивно проводить корректировочную работу, самостоятельно осуществлять коррекцию и контроль. Пособие предназначено для учащихся школ, колледжей и вузов.
Publicat: Санкт-Петербург, Антология, 2021
Matèries:
Accés en línia:Перейти к просмотру издания
Format: MixedMaterials Electrònic

MARC

LEADER 00000 a2200000 4500
001 RU/ROS-EDU.RU/104146
856 4 |u https://www.ros-edu.ru/book?id=104146  |z Перейти к просмотру издания 
010 |a 5-94962-057-7 
100 |a 20210101d2021 |||y0rusy0250  
105 |a y z 000zy 
101 0 |a rus 
102 |a RU 
200 1 |a Практическая грамматика русского языка. Правила. Контрольные тесты. Ключи  |b Электронный ресурс  |f Л. В. Морозова 
700 1 |b Л. В.  |a Морозова  |4 070 
330 |a Настоящее пособие содержит языковые таблицы, комплекс тестов и ключи к ним. Таблицы представляют собой свод орфографических и пунктуационных правил и носят справочный характер. Тестовый материал дает возможность ускоренно, в сжатые сроки и интенсивно проводить корректировочную работу, самостоятельно осуществлять коррекцию и контроль. Пособие предназначено для учащихся школ, колледжей и вузов. 
210 |a Санкт-Петербург  |c Антология  |d 2021 
610 1 |a русский язык 
610 1 |a грамматика 
610 1 |a орфография 
610 1 |a пунктуация 
675 |a 81 
686 |a 81.2  |2 rubbk 
300 |a Книга находится в премиум-версии платформы «Русский как иностранный». 
215 |a 211 с.